| Record ID | marc_records_scriblio_net/part19.dat:205998793:1643 |
| Source | Scriblio |
| Download Link | /show-records/marc_records_scriblio_net/part19.dat:205998793:1643?format=raw |
LEADER: 01643pam 2200301 a 4500
001 88001545
003 DLC
005 19990716000000.0
008 880208s1988 nyua b 001 0 eng
010 $a 88001545
020 $a0941743101
040 $aDLC$cDLC$dDLC
041 1 $aengrus
050 00 $aQC1$b.A4114 vol. 175$aQD941
082 00 $a530 s$a548/.9$219
130 0 $aT︠S︡entry svechenii︠a︡ redkozemelʹnykh ionov v kristallofosforakh.$lEnglish.
245 10 $aLuminescence centers of rare earth ions in crystal phosphors /$cedited by M.D. Galanin ; translated by Michael L. Allen.
260 $aCommack, N.Y. :$bNova Science Publishers,$cc1988.
300 $avi, 161 p. :$bill. ;$c24 cm.
490 1 $aProceedings of the Lebedev Physics Institute, Academy of Sciences of the USSR ;$vv. 175
500 $aTranslation of: T︠S︡entry svechenii︠a︡ redkozemelʹnykh ionov v kristallofosforakh.
504 $aIncludes bibliographies and index.
505 0 $aAnti-stokes radiation conversion in luminophors with rare earth ions / A.K. Kazaryan, Yu. P. Timofeyev, M.V. Fok -- Spectroscopy of ZnS-Tm luminescence centers / N.N. Grigorʹyev, M.V. Fok, L. Yastrabik -- Kinetics of luminescence polarization in europium- and thulium-activated single crystals of zinc sulfide / N.N. Grigorʹyev, A.V. Ovchinnikov, M.V. Fok -- The mechanism of electrolytic activation by rare-earth and other elements in single crystals of zinc sulfide / G. Ye. Arkhangelʹskiy ... [et al.]
650 0 $aColor centers.
650 0 $aRare earth ions.
650 0 $aLuminescence.
700 1 $aGalanin, M. D.
830 0 $aTrudy Fizicheskogo instituta.$lEnglish ;$vv. 175.